书目信息 |
| 题名: |
学习心理辅导手册
|
|
| 作者: | 戴育红 主编 | |
| 分册: | ||
| 出版信息: | 广州 广东教育出版社 2003 |
|
| 页数: | 151页 | |
| 开本: | 26cm | |
| 丛书名: | 学校团体心理辅导丛书 | |
| 单 册: | ||
| 中图分类: | G44 , G622.3 | |
| 科图分类: | ||
| 主题词: | 小学生--心理卫生--教学参考资料 , 活动课程--小学--教学参考资料 , 小学生 , 心理卫生 , 活动课程 , 教育心理学 | |
| 电子资源: | ||
| ISBN: | 7-5406-5168-7 | |
| 000 | 01003oam2 2200313 450 | |
| 001 | 1258042329 | |
| 005 | 20121005164935.42 | |
| 010 | @a7-5406-5168-7@dCNY20.50 | |
| 100 | @a20040112d2003 em y0chiy50 ea | |
| 101 | 0 | @achi |
| 102 | @aCN@b440000 | |
| 105 | @aa z 000yy | |
| 200 | 1 | @a学习心理辅导手册@Axue xi xin li fu dao shou ce@f戴育红等主编 |
| 210 | @a广州@c广东教育出版社@d2003 | |
| 215 | @a151页@c照片@d26cm | |
| 225 | 2 | @a学校团体心理辅导丛书@v2 |
| 330 | @a本书探讨运用以游戏为本的团体辅导技术对学习困难同学进行干预,阐明了学习心理辅导活动的目的、意义以及活动设计技术、活动带领技巧和活动评估方法等内容。 | |
| 461 | 0 | @12001 @a学校团体心理辅导丛书 |
| 606 | 0 | @a小学生@x心理卫生@j教学参考资料 |
| 606 | 0 | @a活动课程@x小学@j教学参考资料 |
| 606 | 0 | @a小学生 |
| 606 | 0 | @a心理卫生 |
| 606 | 0 | @a活动课程 |
| 606 | 0 | @a教育心理学 |
| 690 | @aG44@v4 | |
| 690 | @aG622.3@v4 | |
| 701 | 0 | @a戴育红@Adai yu hong@4主编 |
| 801 | 0 | @aCN@bNLC@c20101222 |
| 905 | @a10447@dG44@eJY299:2 | |
| 学习心理辅导手册/戴育红等主编.-广州:广东教育出版社,2003 |
| 151页:照片;26cm.-(学校团体心理辅导丛书;2) |
| ISBN 7-5406-5168-7:CNY20.50 |
| 本书探讨运用以游戏为本的团体辅导技术对学习困难同学进行干预,阐明了学习心理辅导活动的目的、意义以及活动设计技术、活动带领技巧和活动评估方法等内容。 |
| ● |
| 相关链接 |
|
|
|
|
正题名:学习心理辅导手册
索取号:G44/JY299:2
 
预约/预借
| 序号 | 登录号 | 条形码 | 馆藏地/架位号 | 状态 | 备注 |
| 1 | 7805885 | 278058851 | 学院路分馆/ [索取号:G44/JY299:2] | 在馆 | |
| 2 | 7805886 | 278058860 | 学院路分馆/ [索取号:G44/JY299:2] | 在馆 | |
| 3 | 7805887 | 278058879 | 学院路分馆/ [索取号:G44/JY299:2] | 在馆 | |
| 4 | 7805888 | 278058888 | 学院路分馆/ [索取号:G44/JY299:2] | 在馆 |